01251nam a2200325 a 450000500170000000800410001702000180005804100080007624500670008425000110015126000360016230000120019850001090021065300450031965300590036465300520042365300590047565300130053465300360054765300580058365300560064165300490069765300320074670000200077870000310079870000210082970000260085070000260087670000230090220240423133011.0100706s2013||||ag a f |||| 00| 0 spa d a9789871259748 aspa aGuía para el seguimiento del niño sano / cMiguel Körte a2a ed.3 aBuenos Aires: bJournal;c2013. a347 p.  aKörte, M. et al. (2013). Guía para el seguimiento del niño sano. (2a ed.). Buenos Aires : Journal. aDesarrollo del globo ocular y los anexos aAnejos oculares, superficie ocular, córnea y esclera aAmetropías, cristalino y cirugía refractiva aVitreorretina y úvez. Patología cascular retiniana aGlaucoma aNervio óptico, vía óptica aPatología oculomotora y oftalmología pediátrica aPatología de la órbita y traumatología ocular aMétodos de exploración en oftalmología aUrgencias en oftalmología1 aKörte, Miguel1 aVillafañe Molina, Solana1 aGranillo, Miguel1 aOlivera, Alejandro D.1 aDumandzic Sanz, Lenka1 aColombo, Silvia I.